000 00446nam a2200181Ia 4500
008 170705s9999 xx 000 0 und d
020 _a9780590273664
245 _aLet's get the rhythm :
245 _ba chant /
245 _cAnne Miranda ; pictures by Nancy Carpenter.
260 _aNew York :
260 _bScholastic,
260 _c1994
300 _a16 pages :
300 _bcolor illustration ;
300 _c24cm.
500 _aBR
999 _c335304
_d335304